| 000 | 02541nam a2200325 a 4500 | ||
|---|---|---|---|
| 001 | 77949 | ||
| 003 | BD-RjUL | ||
| 005 | 20250109095927.0 | ||
| 008 | 210215s2010 bg |a||| m||| 00| 0 ben d | ||
| 035 | _a(BD-RjUL)78175 | ||
| 040 |
_aBD-RjUL _bben /eng _cBD-RjUL _dBD-RjUL |
||
| 041 | _aben | ||
| 082 |
_a704.03914126 _bRAB 2010 _223 |
||
| 100 |
_aরহমান, এ. এইচ. এম. তাহমিদুর _9244939 |
||
| 245 | 1 | 0 |
_aবাংলাদেশের সাঁত্ততাল জনগোষ্ঠীর গৃহসজ্জা চিত্র = House Decorative Painting of Santal in Bangladesh : _bনির্মাণ-কৌশল, নান্দনিকতা ও সমাজতত্ত্ব = Techinque, Aesthetics & Social Aspects / _6এ. এইচ. এম. তাহমিদুর রহমান ; _cগবেষণা তত্ত্বাবধায়ক : টি.এম.এম. নূরুল মোদ্দাসের চৌধুরী |
| 246 |
_aHouse Dceorative painting of santal in Bangladesh : _bTcchniquc, Aestheting & social Aspccts / |
||
| 260 |
_aরাজশাহী : _bচারুকলা বিভাগ, রাজশাহী বিশ্ববিদ্যালয়, _c২০১০ |
||
| 300 |
_avii, ৩১২ পাতা : _bচিএ ; _c২৯ সেমি. |
||
| 502 | _aথিসিস (পিএইচ. ডি.) -- চারুকলা বিভাগ, রাজশাহী বিশ্ববিদ্যালয়, ২০১৩ | ||
| 504 | _aগ্রন্থপঞ্জি : পাতা ৩০৪-৩১২ | ||
| 600 |
_a _c . _q _y _914769 |
||
| 650 |
_aসাঁওতাল (দক্ষিণ এশিয়ার লোক) _zবাংলাদেশ _zউত্তরাঞ্চল _xসামাজিক জীবন এবং রীতিনীতি _9244942 |
||
| 650 |
_aSantal (South Asian people) _zBangladesh _zNorthern Areas _xSocial life and customs. _9244943 |
||
| 650 |
_aজাতিগত শিল্প _zবাংলাদেশ _zউত্তরাঞ্চল _9244327 |
||
| 650 |
_aEthnic art _zBangladesh _zNorthern Areas _9245035 |
||
| 650 |
_aলোকশিল্প _zবাংলাদেশ _zউত্তরাঞ্চল _xইতিহাস _9245036 |
||
| 650 |
_aFolk art _zBangladesh _zNorthern Areas _xHistory. _9245037 |
||
| 700 |
_aচৌধুরী, টি. এম. এম. নূরুল মোদ্দাসের, গবেষণা তত্ত্বাবধায়ক _91107 |
||
| 942 |
_2ddc _cTHE |
||
| 999 |
_c77949 _d77949 |
||